| 000 -ლიდერი |
| ფიქსირებული სიგრძის საკონტროლო ველი |
00977nam a22001817a 4500 |
| 003 - საკონტროლო ნომრის იდენტიფიკატორი |
| საკონტროლო ველი |
Ge_BSU |
| 005 - ბოლო ოპერაციის თარიღი და დრო |
| საკონტროლო ველი |
20221128105453.0 |
| 008 - ფიქსირებული სიგრძის მონაცემთა ელემენტები - ზოგადი ინფორმაცია |
| ფიქსირებული სიგრძის საკონტროლო ველი |
221128sge xxu||||| |||| 00| 0 geo d |
| 041 ## - ენის კოდი |
| Language code of text/sound track or separate title |
geo |
| 080 ## - უნივერსალური ათობითი კლასიფიკაციის ინდექსი |
| Universal Decimal Classification number |
94(100)"1939-1945" მ-86 |
| 100 ## - მთავარი ჩანაწერი - პიროვნების სახელი |
| Personal name |
მოსლი, ლეონარდ, ავტ. |
| 9 (RLIN) |
16134 |
| 245 ## - ცნობა სათაურის შესახებ |
| Title |
დაკარგული დრო : |
| Remainder of title |
[ნაშრომი მეორე მსოფ. ომის წარმოშობის მიზეზებზე] / |
| Statement of responsibility, etc |
ლეონარდ მოსლი ; მთარგმ. ინგლისურიდან და ბოლოსიტყვ. ავტ. ალ. ჩიკვაიძე |
| 264 ## - წარმოების, გამოცემის, დისტრიბუციის და სხვა ცნობები |
| გამოცემის, წარმოების, დისტრიბუციის... ადგილი |
თბილისი: |
| გამოცემის, წარმოების, დისტრიბუციის... სახელწოდება |
მერანი, |
| გამოცემის, წარმოების, დისტრიბუციის... თარიღი |
1982. |
| 300 ## - ფიზიკური აღწერა |
| Extent |
423 გვ. ; |
| Other physical details |
20 სმ. |
| 653 ## - INDEX TERM--UNCONTROLLED |
| Uncontrolled term |
1939-1945 წლები -- მეორე მსოფლიო ომი. |
| 700 ## - ADDED ENTRY--PERSONAL NAME |
| Personal name |
ჩიკვაიძე, ალ. |
| Relator term |
მთარგმნელი |
| 9 (RLIN) |
16135 |
| 942 ## - ADDED ENTRY ELEMENTS (KOHA) |
| Source of classification or shelving scheme |
|
| Koha item type |
წიგნი |